00263nam a2200109Ia 4500008004100000100001400041245003800055260003000093300000800123942000700131999001500138190216s9999||||xx |||||||||||||| ||und|| aGupta N S 0aOrganisation Theory And Behaviour bSulthan Chand&Sonsc1988 a47p cBK c5379d5379